World animal health in ... (Record no. 19499)
[ view plain ]
| 000 -LEADER | |
|---|---|
| fixed length control field | 03305nam a22007097a 4500 |
| 001 - CONTROL NUMBER | |
| control field | 14798874 |
| 003 - CONTROL NUMBER IDENTIFIER | |
| control field | OSt |
| 005 - DATE AND TIME OF LATEST TRANSACTION | |
| control field | 20170518101319.0 |
| 008 - FIXED-LENGTH DATA ELEMENTS--GENERAL INFORMATION | |
| fixed length control field | 161010b xxu||||| |||| 00| 0 eng d |
| 010 ## - LIBRARY OF CONGRESS CONTROL NUMBER | |
| LC control number | sn 95029377 |
| 016 7# - NATIONAL BIBLIOGRAPHIC AGENCY CONTROL NUMBER | |
| Record control number | 9706929 |
| Source | DNLM |
| 016 7# - NATIONAL BIBLIOGRAPHIC AGENCY CONTROL NUMBER | |
| Record control number | SR0090893 |
| Source | DNLM |
| 022 ## - INTERNATIONAL STANDARD SERIAL NUMBER | |
| Incorrect ISSN | 1017-3102 |
| 035 ## - SYSTEM CONTROL NUMBER | |
| System control number | (OCoLC)ocm32067725 |
| 040 ## - CATALOGING SOURCE | |
| Original cataloging agency | mmu |
| Language of cataloging | eng |
| Transcribing agency | mmu |
| Modifying agency | mmu |
| -- | mmu |
| -- | mmu |
| -- | mmu |
| -- | mmu |
| -- | mmu |
| -- | mmu |
| -- | mmu |
| -- | mmu |
| -- | mmu |
| -- | mmu |
| -- | mmu |
| -- | mmu |
| -- | mmu |
| -- | mmu |
| -- | mmu |
| 042 ## - AUTHENTICATION CODE | |
| Authentication code | pcc |
| 050 00 - LIBRARY OF CONGRESS CALL NUMBER | |
| Classification number | SF781 |
| Item number | .W673 2008 |
| 060 00 - NATIONAL LIBRARY OF MEDICINE CALL NUMBER | |
| Classification number | W2 M |
| Item number | I61 |
| 070 0# - NATIONAL AGRICULTURAL LIBRARY CALL NUMBER | |
| Classification number | SF781 |
| Item number | .W67 |
| 072 #0 - SUBJECT CATEGORY CODE | |
| Subject category code | L830 |
| 245 00 - TITLE STATEMENT | |
| Title | World animal health in ... |
| 246 1# - VARYING FORM OF TITLE | |
| Display text | Cover title from 2008- |
| Title proper/short title | World animal health |
| 260 ## - PUBLICATION, DISTRIBUTION, ETC. (IMPRINT) | |
| Place of publication, distribution, etc. | Paris, France : |
| Name of publisher, distributor, etc. | Office international des épizooties, |
| Date of publication, distribution, etc. | ©1993- |
| 300 ## - PHYSICAL DESCRIPTION | |
| Extent | volumes : |
| Other physical details | illustrations ; |
| Dimensions | 30 cm |
| 310 ## - CURRENT PUBLICATION FREQUENCY | |
| Current publication frequency | Annual |
| 336 ## - CONTENT TYPE | |
| Content type term | text |
| Content type code | txt |
| Source | rdacontent |
| 337 ## - MEDIA TYPE | |
| Media type term | unmediated |
| Media type code | n |
| Source | rdamedia |
| 338 ## - CARRIER TYPE | |
| Carrier type term | volume |
| Carrier type code | nc |
| Source | rdacarrier |
| 362 0# - DATES OF PUBLICATION AND/OR SEQUENTIAL DESIGNATION | |
| Dates of publication and/or sequential designation | 1992- |
| 362 1# - DATES OF PUBLICATION AND/OR SEQUENTIAL DESIGNATION | |
| Dates of publication and/or sequential designation | Ceased in 2012. |
| 515 ## - NUMBERING PECULIARITIES NOTE | |
| Numbering peculiarities note | Issued in 2 parts: Part 1, Reports on the animal health status and disease control methods and List A disease outbreaks, statistics; and, Part 2, Tables on the animal health status and disease control methods, 1992- 2004; title of each part varies; Pt. 1, called Reports, on cover, and pt. 2: Tables, on cover ; issued in one volume, 2005- ; issued in 2 v., <2008->' |
| 530 ## - ADDITIONAL PHYSICAL FORM AVAILABLE NOTE | |
| Additional physical form available note | Also issued on the Internet. |
| 580 ## - LINKING ENTRY COMPLEXITY NOTE | |
| Linking entry complexity note | Formed by the merger of: World animal health. No. 1, List A disease outbreaks, statistics; and: World animal health. No. 2, Animal health status and disease control methods. |
| 580 ## - LINKING ENTRY COMPLEXITY NOTE | |
| Linking entry complexity note | Also issued in French and Spanish eds. |
| 588 ## - SOURCE OF DESCRIPTION NOTE | |
| Source of description note | Latest issue consulted: 2008. |
| 650 #0 - SUBJECT ADDED ENTRY--TOPICAL TERM | |
| Topical term or geographic name as entry element | Communicable diseases in animals |
| Form subdivision | Periodicals. |
| 650 #0 - SUBJECT ADDED ENTRY--TOPICAL TERM | |
| Topical term or geographic name as entry element | Communicable diseases in animals |
| General subdivision | Prevention |
| Form subdivision | Periodicals. |
| 650 #0 - SUBJECT ADDED ENTRY--TOPICAL TERM | |
| Topical term or geographic name as entry element | Communicable diseases in animals |
| Form subdivision | Statistics |
| -- | Periodicals. |
| 650 #0 - SUBJECT ADDED ENTRY--TOPICAL TERM | |
| Topical term or geographic name as entry element | Animal health |
| Form subdivision | Periodicals. |
| 650 02 - SUBJECT ADDED ENTRY--TOPICAL TERM | |
| Topical term or geographic name as entry element | Animal Diseases |
| General subdivision | epidemiology. |
| 650 02 - SUBJECT ADDED ENTRY--TOPICAL TERM | |
| Topical term or geographic name as entry element | Communicable Disease Control. |
| 650 02 - SUBJECT ADDED ENTRY--TOPICAL TERM | |
| Topical term or geographic name as entry element | Communicable Diseases |
| General subdivision | epidemiology. |
| 650 02 - SUBJECT ADDED ENTRY--TOPICAL TERM | |
| Topical term or geographic name as entry element | Communicable Diseases |
| General subdivision | veterinary. |
| 650 22 - SUBJECT ADDED ENTRY--TOPICAL TERM | |
| Topical term or geographic name as entry element | Disease Outbreaks |
| General subdivision | veterinary. |
| 650 #7 - SUBJECT ADDED ENTRY--TOPICAL TERM | |
| Topical term or geographic name as entry element | Animal health. |
| Source of heading or term | fast |
| Authority record control number | (OCoLC)fst00809209 |
| 650 #7 - SUBJECT ADDED ENTRY--TOPICAL TERM | |
| Topical term or geographic name as entry element | Communicable diseases in animals. |
| Source of heading or term | fast |
| Authority record control number | (OCoLC)fst00869927 |
| 650 #7 - SUBJECT ADDED ENTRY--TOPICAL TERM | |
| Topical term or geographic name as entry element | Communicable diseases in animals |
| General subdivision | Prevention. |
| Source of heading or term | fast |
| Authority record control number | (OCoLC)fst00869934 |
| 655 #2 - INDEX TERM--GENRE/FORM | |
| Genre/form data or focus term | Tables. |
| 655 #2 - INDEX TERM--GENRE/FORM | |
| Genre/form data or focus term | Statistics. |
| 655 #7 - INDEX TERM--GENRE/FORM | |
| Genre/form data or focus term | Periodicals. |
| Source of term | fast |
| Authority record control number | (OCoLC)fst01411641 |
| 655 #7 - INDEX TERM--GENRE/FORM | |
| Genre/form data or focus term | Statistics. |
| Source of term | fast |
| Authority record control number | (OCoLC)fst01423727 |
| 710 2# - ADDED ENTRY--CORPORATE NAME | |
| Corporate name or jurisdiction name as entry element | International Office of Epizootics. |
| 780 14 - PRECEDING ENTRY | |
| Title | World animal health. No. 1, List A disease outbreaks, statistics |
| Record control number | (DLC) 93658062 |
| -- | (OCoLC)23292388 |
| 780 14 - PRECEDING ENTRY | |
| Title | World animal health. No. 2, Animal health status and disease control methods |
| Record control number | (DLC) 88645800 |
| -- | (OCoLC)17736605 |
| 906 ## - LOCAL DATA ELEMENT F, LDF (RLIN) | |
| a | 7 |
| b | cbc |
| c | serials |
| d | 2 |
| e | ncip |
| f | 20 |
| g | n-oclcserc |
| 942 ## - ADDED ENTRY ELEMENTS (KOHA) | |
| Source of classification or shelving scheme | Library of Congress Classification |
| Koha item type | Special collection |
| Withdrawn status | Lost status | Source of classification or shelving scheme | Damaged status | Not for loan | Home library | Current library | Date acquired | Source of acquisition | Total Checkouts | Full call number | Barcode | Date last seen | Price effective from | Koha item type |
|---|---|---|---|---|---|---|---|---|---|---|---|---|---|---|
| Library of Congress Classification | Maasai Mara University Library -Main Campus | Maasai Mara University Library -Main Campus | 10/10/2016 | Donation | SF781 .W673 2008 | 201618045 | 10/10/2016 | 10/10/2016 | Special collection |